000 00296nam a2200133Ia 4500
008 191201s1985 xx 000 0 und d
082 _a535
_bFIQ
100 _aFIUTAK,J
245 0 _aQuantum Optics
260 _bWorld scientific
_c1985
300 _a400
650 _aB.Tech(ECE)
942 _2ddc
_cBK
999 _c656
_d656